01128nam a22002777a 45000010005000000030006000050050017000110080041000280200018000690400029000870820008001161000028001242450084001522600046002363000055002825050008003375200189003455210029005345210020005636500036005836500023006197000035006429420015006779990015006929520143007079719FISKH20260130113745.0260130b cb ||||| |||| 00| 0 eng d a9780816735273 aFISKHbengcFISKHdFISKH a552 aPackard , MaryeAuthor  aRocks and minerals / cWritten by Mary Packard : Illustrations by James Watling aNew Jersey : bWatermill Press , c1995 . a15 pages : bcolor illustrations ; c20 X 20 cm .  aR  aWhat's a conglomerate rock? How is obsidian made? This kit tells you all about rocks and how to start a collection. Includes 4 genuine rock samples to get started and informative book.8 a750 bLexile estimate 8 aR bRaz-Plus  aRocks and mineralsvNon-fiction aEarthvNon-fiction aWatling , James eIllustrator 2ddccBKn0 c9719d9719 00102ddc40708NFICa002b002cTTP Oranged2026-01-30l1oPAC 552pFIS01598q2026-03-13r2026-02-27 09:27:40s2026-02-27w2026-01-30yBK